| 000 | 00530nam a2200169Ia 4500 | ||
|---|---|---|---|
| 999 |
_c10172 _d10172 |
||
| 020 | _a81703694583 | ||
| 082 | _a307.240954 CHA-M | ||
| 100 | _aChaudhuri, Jayasri Ray | ||
| 245 | 0 | _aMigration and remittances: inter-urban and rural-urban linkages | |
| 260 |
_aNew Delhi _bSage Publications _c1993 |
||
| 300 | _a261 | ||
| 504 | _aincludes bibliography | ||
| 650 |
_aRural _vUrban migration _zIndia _zDurgapur |
||
| 650 |
_aMigrant remittances _zIndia _zDurgapur |
||
| 650 |
_aDurgapur(India) _vEconomic conditions |
||
| 942 |
_cBK _2ddc |
||